01080nam a2200229 a 450000100060000000300080000600500170001400800390003103500320007004000270010204100130012908200200014224501440016226001060030630000280041249000530044050002060049350000660069950000200076560000170078570000480080220413BD-RjUL20211209000549.0140227s1925 enk 001 0 eng a(BD-RjUL)20475aocm04230990 aDLCcXAVdBD-RjULbeng1 aenghlat04bSTA 1925a829.512aA stanzaic life of Christ :cFrances A. Foster.bcompiled from Higden's Polychronicon and the Legenda aurea ; edited from ms. Harley 3909 / aLondon :bPublished for the Early English Text Society by H. Milford, Oxford University Press,c1925. axliii, 456 p. ;c23 cm.1 aEarly English Text Society; Original seriesv166 a"A compilation made at Chester in the fourteenth century from two famous Latin works ... The result looks like a translation of the Legenda aurea with insertions from the Polychronicon."--p. [ix], xvii aMissing parts supplied from Addit, ms. 38666, and Harl, 2250. aIncludes index.00aJesus Christ1 aFoster, Frances A.q(Frances Allen),d1887-